Malá slovenská encyklopédia. A-Ž

Na minha lista:
Detalhes bibliográficos
Formato: Livro
Idioma:eslovaco
Publicado em: Bratislava : Goldpress Publishers, 1993
Edição:1.vyd.
Assuntos:
Tags: Adicionar Tag
Sem tags, seja o primeiro a adicionar uma tag!

MARC

LEADER 00000nam a22000003a 4500
001 stu41563
005 20150408180628.3
008 931229s1993----cs------------------slo-d
020 |a 80-85584-12-3 
040 |a STU  |b slo 
041 0 |a slo 
044 |a cs 
080 |a 008(437.6)(031) 
245 |a Malá slovenská encyklopédia. A-Ž 
250 |a 1.vyd. 
260 |a Bratislava :  |b Goldpress Publishers,  |c 1993 
300 |a 822 s 
650 7 |a encyklopédie  |2 stusub 
650 7 |a Slovensko  |2 stusub 
650 7 |a encyklopédia  |2 stusub 
996 |b 284M033906  |c M*8406-1  |l MMST  |s P  |a 0  |w stu41563_0001 
996 |b 284M023366  |c M*8406-2  |l MMKN  |s A  |a 24  |w stu41563_0002